Kam sa podejú výrobcovia potravín? Zamestnanosť a mzdový vývoj v poľnohospodárstve v roku 1994

Bibliographic Details
Main Author: Buchta, Stanislav (Author)
Format: Article
Language:Slovak
PhysicalDescription:Tab. 6
ISSN:0862-9567
Subjects:

MARC

LEADER 00000nab a2200000 a 4500
001 vtls000548439
003 SK-MaSNL
005 20260303012118.0
008 150430c1995 xo 0 slo
015 |a SNBRB19rr/mm-uuuuu 
035 |a CL0548577 
040 |a SNKBUCL  |b slo  |c SNKBUCL  |e AACR2 
041 0 |a slo 
044 |a xo  |c SK 
080 |a 331.2:631(437.6)  |2 1981 
080 |a 631(437.6)  |2 1981 
100 1 |a Buchta, Stanislav  |4 aut  |9 5864 
245 1 0 |a Kam sa podejú výrobcovia potravín?  |b Zamestnanosť a mzdový vývoj v poľnohospodárstve v roku 1994  |c Stanislav Buchta 
300 |b Tab. 6 
650 0 7 |a poľnohospodárstvo  |2 snkbucl  |9 679 
650 0 7 |a mzdy  |2 snkbucl  |9 2316 
655 7 |a články z novín a časopisov  |2 snkbucl  |9 267496 
773 0 |t Hospodárske noviny  |g Roč. 3, č. 73 (13. 4. 1995), s. 5  |x 0862-9567 
850 |a Slovenská národná knižnica v Martine  |a MTA001 
852 |a SNK  |b KIS3GCP 
958 |a RK 
958 |a SK 
992 |a RBX 
999 |c 1595521  |d 1597451